000 00416nam a2200181Ia 4500
001 2710
005 20260306144827.0
008 260306t1989||||xx |||||||||||||| ||spa||
041 _aESP
082 _a214
_bG81
100 _aGrison, Michael
_eAUT
245 0 _aTeología natural o teodicea
260 _c1989
300 _a257 páginas :
_c21 cm.
650 _aGEN
654 _aCHU
942 _cLIB
_dJUS
_fJUS
_2ddc
_n
999 _c2710
_d2710